[Event "Moscow op-A 04th"]
[Site "Moscow"]
[Date "2008.02.02"]
[Round "1"]
[White "Kaljaev, Viacheslav"]
[Black "Kim, Alexey"]
[Result "0-1"]
[WhiteElo "2137"]
[BlackElo "2442"]
[PlyCount "66"]
[EventDate "2008.02.02"]
[EventType "swiss"]
[EventRounds "9"]
[EventCountry "RUS"]
[SourceTitle "CBM 122 Extra"]
[Source "ChessBase"]
[SourceDate "2008.03.04"]
[SourceVersion "1"]
[SourceVersionDate "2008.03.04"]
[SourceQuality "1"]

1. d4 d5 2. e3 Nf6 3. Nf3 e6 4. Be2 Bd6 5. 0-0 0-0 6. b3 b6 7. Bb2 Ne4 8. Nbd2 f5 9. Ne5 Ba6 10. Ndf3 Bxe2 11. Qxe2 Nd7 12. c4 Qe8 13. g3 a5 14. a3 Rc8 15. cxd5 exd5 16. Rfd1 Ndf6 17. h3 c5 18. dxc5 bxc5 19. Rac1 Rb8 20. b4 axb4 21. axb4 Rxb4 22. Nd3 Qb5 23. Bxf6 Nxf6 24. Qd2 Rb3 25. Qc2 Ne4 26. Rb1 Rb8 27. Rxb3 Qxb3 28. Qxb3 Rxb3 29. Nxc5 Bxc5 30. Rxd5 Rb1+ 31. Kg2 Rb2 32. Kg1 Rxf2 33. Ng5 Rd2 0-1

[Event "Moscow op 02nd"]
[Site "Moscow"]
[Date "2006.01.30"]
[Round "2"]
[White "Kuzevanova, Evgenia"]
[Black "Kaljaev, Viacheslav"]
[Result "1-0"]
[WhiteElo "2155"]
[BlackElo "2299"]
[PlyCount "79"]
[EventDate "2006.01.29"]
[EventType "swiss"]
[EventRounds "9"]
[EventCountry "RUS"]
[SourceTitle "CBM 110 Extra"]
[Source "ChessBase"]
[SourceDate "2006.03.10"]
[SourceVersion "2"]
[SourceVersionDate "2006.03.10"]
[SourceQuality "1"]

1. e4 e5 2. Nf3 Nc6 3. d4 exd4 4. Nxd4 Bc5 5. Nb3 Bb6 6. a4 Qh4 7. Qe2 a5 8. g3 Qe7 9. Nc3 Nb4 10. Bg2 c6 11. 0-0 d6 12. Nd1 Nf6 13. Bg5 h6 14. Bxf6 Qxf6 15. c3 Na6 16. Ne3 Bc7 17. Rad1 0-0 18. Nd4 Re8 19. Qc2 Nc5 20. Rfe1 g6 21. f4 h5 22. f5 g5 23. Kh1 Kg7 24. Bf3 Rh8 25. b4 axb4 26. cxb4 Nd7 27. b5 Ne5 28. Bg2 Ba5 29. Rf1 Bd7 30. Nc4 Nxc4 31. Qxc4 c5 32. Nc2 g4 33. e5 Qxe5 34. f6+ Kf8 35. Bxb7 Rb8 36. Bd5 h4 37. Kg2 Bf5 38. Ne3 Bc8 39. Qf4 hxg3 40. hxg3 1-0